[Event "Heusenstamm Schloss op"]
[Site "Heusenstamm"]
[Date "2022.11.19"]
[Round "5"]
[White "Braeutigam, Thomas"]
[Black "Oster, Klaus"]
[Result "1/2-1/2"]
[WhiteElo "2051"]
[BlackElo "1916"]
[PlyCount "30"]
[EventDate "2022.11.17"]
[EventType "swiss"]
[EventRounds "7"]
[EventCountry "GER"]
[SourceTitle "CBM 212 Extra"]
[Source "ChessBase"]
[SourceDate "2023.03.31"]
[SourceVersion "1"]
[SourceVersionDate "2023.03.31"]
[SourceQuality "1"]

1. d4 d5 2. Nf3 Nf6 3. g3 e6 4. Bg2 c5 5. 0-0 Nc6 6. c4 dxc4 7. Qa4 Bd7 8. Qxc4 b5 9. Qd3 c4 10. Qd1 Rc8 11. Re1 Be7 12. e4 0-0 13. d5 exd5 14. exd5 Nb4 15. Ne5 Bd6 1/2-1/2

[Event "Mittelfrank Regionalliga Nord-West 2122"]
[Site "Mittelfranken"]
[Date "2022.05.08"]
[Round "8.3"]
[White "Oster, Klaus"]
[Black "Frey, Michael"]
[Result "1-0"]
[WhiteElo "1919"]
[BlackElo "2070"]
[PlyCount "152"]
[EventDate "2021.10.24"]
[EventType "team-tourn"]
[EventRounds "9"]
[EventCountry "GER"]
[SourceTitle "EXT 2024"]
[Source "ChessBase"]
[SourceDate "2023.10.10"]
[SourceVersion "1"]
[SourceVersionDate "2023.10.10"]
[SourceQuality "1"]
[WhiteTeam "Sailauf"]
[BlackTeam "Aschaffenburg"]
[WhiteTeamCountry "GER"]
[BlackTeamCountry "GER"]

1. d4 Nf6 2. Nf3 g6 3. g3 Bg7 4. Bg2 c5 5. dxc5 Qa5+ 6. Nfd2 Qxc5 7. Nb3 Qc7 8. Nc3 d6 9. Nb5 Qd8 10. c4 Nbd7 11. Bd2 a6 12. Ba5 b6 13. Bxa8 axb5 14. Bc3 bxc4 15. Nd2 Ba6 16. Bg2 0-0 17. 0-0 Qc7 18. Qa4 Nc5 19. Qb4 d5 20. Nf3 e6 21. Be5 Qd8 22. Rfe1 Ncd7 23. Bd4 Qb8 24. Qa3 Bb5 25. Qe3 Ng4 26. Qf4 Nge5 27. Nxe5 Nxe5 28. Qd2 Bc6 29. f4 Nd7 30. Bxg7 Kxg7 31. e4 Qd6 32. Qd4+ Kg8 33. Red1 Bb5 34. exd5 e5 35. fxe5 Nxe5 36. Rd2 Rc8 37. Rc1 Ra8 38. b3 cxb3 39. axb3 h5 40. Re1 Re8 41. Kh1 Kh7 42. Qf4 f5 43. Ra1 Re7 44. Bf1 Be8 45. Re1 Bf7 46. Red1 Ra7 47. Bg2 Ra5 48. Re1 Bxd5 49. Bxd5 Rxd5 50. Rde2 Qc6 51. Kg1 Qc5+ 52. Kg2 Nf7 53. Rc1 Qd6 54. Rc7 Kg8 55. Re8+ Kg7 56. Qxd6 Rxd6 57. Ree7 Rf6 58. Kf3 g5 59. h4 gxh4 60. gxh4 Kg6 61. Kf4 Kg7 62. Rxf7+ Rxf7 63. Rxf7+ Kxf7 64. Kxf5 Ke7 65. Ke5 Kd7 66. Kd5 Kc7 67. b4 b5 68. Kc5 Kc8 69. Kxb5 Kb7 70. Kc5 Kc7 71. Kd5 Kb6 72. Ke5 Kb5 73. Kf6 Kxb4 74. Kg5 Kc5 75. Kxh5 Kd6 76. Kg6 Ke7 1-0

[Event "Regionalliga Nord-West 1819"]
[Site "Bayern"]
[Date "2019.02.24"]
[Round "7.5"]
[White "Oster, Klaus"]
[Black "Lenhardt, Stefan"]
[Result "1/2-1/2"]
[WhiteElo "1860"]
[BlackElo "1857"]
[PlyCount "55"]
[EventDate "2018.10.21"]
[EventType "team-tourn"]
[EventRounds "9"]
[EventCountry "GER"]
[SourceTitle "EXT 2022"]
[Source "ChessBase"]
[SourceDate "2021.10.06"]
[SourceVersion "1"]
[SourceVersionDate "2021.10.06"]
[SourceQuality "1"]
[WhiteTeam "Sailauf"]
[BlackTeam "Bamberg SC II"]
[WhiteTeamCountry "GER"]
[BlackTeamCountry "GER"]

1. d4 d5 2. Bf4 Nf6 3. e3 e6 4. Nd2 Bd6 5. Bg3 c5 6. c3 a6 7. Bd3 c4 8. Bc2 b5 9. e4 dxe4 10. Nxe4 Nxe4 11. Bxe4 Ra7 12. Nf3 Bb7 13. Qe2 Bxe4 14. Qxe4 Bxg3 15. hxg3 Qd5 16. Qxd5 exd5 17. Rh5 Rd7 18. Kd2 f6 19. Ne1 g6 20. Rh1 0-0 21. Nc2 Re8 22. Rhe1 Rxe1 23. Rxe1 Kf7 24. a4 Nc6 25. axb5 axb5 26. Ne3 Na5 27. Kc2 Nb3 28. g4 1/2-1/2

[Event "Regionalliga Nord-West 1819"]
[Site "Bayern"]
[Date "2018.11.25"]
[Round "3.5"]
[White "Oster, Klaus"]
[Black "Lechleitner, Walter"]
[Result "0-1"]
[WhiteElo "1860"]
[BlackElo "1913"]
[PlyCount "66"]
[EventDate "2018.10.21"]
[EventType "team-tourn"]
[EventRounds "9"]
[EventCountry "GER"]
[SourceTitle "EXT 2022"]
[Source "ChessBase"]
[SourceDate "2021.10.06"]
[SourceVersion "1"]
[SourceVersionDate "2021.10.06"]
[SourceQuality "1"]
[WhiteTeam "Sailauf"]
[BlackTeam "Kronach"]
[WhiteTeamCountry "GER"]
[BlackTeamCountry "GER"]

1. c4 f5 2. g3 Nf6 3. Nc3 g6 4. Bg2 c6 5. e3 Bg7 6. Nge2 0-0 7. 0-0 e5 8. d3 d6 9. f4 Be6 10. b4 Nbd7 11. Rb1 Rb8 12. b5 Qc7 13. Qa4 Nc5 14. Qc2 Rfd8 15. Ba3 Ng4 16. Nd1 cxb5 17. h3 Nf6 18. Rxb5 a6 19. Rb1 b6 20. Ndc3 e4 21. d4 Nd3 22. d5 Bf7 23. Nd4 Qxc4 24. Nc6 Nxd5 25. Nxd8 Rxd8 26. Qa4 Qxc3 27. Bc1 Nxc1 28. Rfxc1 Qxe3+ 29. Kh2 Nc3 30. Qa3 Qd2 31. Rxb6 Nb5 32. Qxa6 Qxc1 33. Qxb5 Bd4 0-1

[Event "Regionalliga Nord-West 1819"]
[Site "Bayern"]
[Date "2018.11.11"]
[Round "2.5"]
[White "Moenius, Alexander"]
[Black "Oster, Klaus"]
[Result "1/2-1/2"]
[WhiteElo "1942"]
[BlackElo "1860"]
[PlyCount "49"]
[EventDate "2018.10.21"]
[EventType "team-tourn"]
[EventRounds "9"]
[EventCountry "GER"]
[SourceTitle "EXT 2022"]
[Source "ChessBase"]
[SourceDate "2021.10.06"]
[SourceVersion "1"]
[SourceVersionDate "2021.10.06"]
[SourceQuality "1"]
[WhiteTeam "Hoechstadt/Aisch"]
[BlackTeam "Sailauf"]
[WhiteTeamCountry "GER"]
[BlackTeamCountry "GER"]

1. d4 Nf6 2. Bf4 e6 3. e3 d5 4. c3 Bd6 5. Bg5 c5 6. Nd2 Nc6 7. Ngf3 0-0 8. Bd3 b6 9. 0-0 e5 10. Bb5 e4 11. Bxc6 exf3 12. Qxf3 Qc7 13. Bxf6 Qxc6 14. Bh4 Ba6 15. Rfe1 cxd4 16. exd4 Bxh2+ 17. Kxh2 Qh6 18. Re3 Qxh4+ 19. Kg1 Rad8 20. Rae1 Qg5 21. Qg3 Qxg3 22. Rxg3 Rfe8 23. Rge3 Kf8 24. Nf3 f6 25. Nh4 1/2-1/2

[Event "Regionalliga Nord-West 1819"]
[Site "Bayern"]
[Date "2018.10.21"]
[Round "1.5"]
[White "Kolb, Tobias"]
[Black "Oster, Klaus"]
[Result "1/2-1/2"]
[WhiteElo "1948"]
[BlackElo "1860"]
[PlyCount "38"]
[EventDate "2018.10.21"]
[EventType "team-tourn"]
[EventRounds "9"]
[EventCountry "GER"]
[SourceTitle "EXT 2022"]
[Source "ChessBase"]
[SourceDate "2021.10.06"]
[SourceVersion "1"]
[SourceVersionDate "2021.10.06"]
[SourceQuality "1"]
[WhiteTeam "Seubelsdorf"]
[BlackTeam "Sailauf"]
[WhiteTeamCountry "GER"]
[BlackTeamCountry "GER"]

1. e4 c6 2. d4 d5 3. exd5 cxd5 4. Bd3 Nc6 5. Nf3 Bg4 6. c3 e6 7. Bf4 Bd6 8. Bxd6 Qxd6 9. Nbd2 Nf6 10. 0-0 0-0 11. Re1 Rac8 12. h3 Bh5 13. g4 Bg6 14. Bxg6 fxg6 15. Qe2 Rce8 16. Ne5 Nd7 17. Ndf3 Ndxe5 18. Nxe5 g5 19. Qd2 Nxe5 1/2-1/2

[Event "Regionalliga Nord-West 1718"]
[Site "Bayern"]
[Date "2018.01.21"]
[Round "5.5"]
[White "Oster, Klaus"]
[Black "Reissner, Andreas"]
[Result "0-1"]
[WhiteElo "1802"]
[BlackElo "1999"]
[PlyCount "70"]
[EventDate "2017.10.22"]
[EventType "team-tourn"]
[EventRounds "9"]
[EventCountry "GER"]
[SourceTitle "EXT 2022"]
[Source "ChessBase"]
[SourceDate "2021.10.06"]
[SourceVersion "1"]
[SourceVersionDate "2021.10.06"]
[SourceQuality "1"]
[WhiteTeam "Sailauf"]
[BlackTeam "Marktleuthen"]
[WhiteTeamCountry "GER"]
[BlackTeamCountry "GER"]

1. c4 Nf6 2. g3 Nc6 3. Bg2 e5 4. Nc3 Bb4 5. e3 Bxc3 6. bxc3 0-0 7. e4 d6 8. Ne2 Be6 9. d3 Qc8 10. 0-0 Bh3 11. f4 Bxg2 12. Kxg2 Nd7 13. f5 f6 14. g4 Kf7 15. Ng3 Ke7 16. g5 Qe8 17. Rb1 b6 18. Be3 Na5 19. Qg4 Rg8 20. Qh4 Rh8 21. Nh5 Qf7 22. Rf3 Rag8 23. Kf2 Nc5 24. Ke2 Nxd3 25. Bd2 Nc5 26. Rb4 Nxe4 27. Qxe4 Qxh5 28. h4 Qe8 29. Qd5 Qd7 30. Rb1 c6 31. Qe4 d5 32. cxd5 Qxd5 33. Qb4+ c5 34. Qa3 Qc4+ 35. Ke1 Qe4+ 0-1

[Event "Eschborn op"]
[Site "Eschborn"]
[Date "2016.09.03"]
[Round "2"]
[White "Oster, Klaus"]
[Black "Bertz, Uwe"]
[Result "1/2-1/2"]
[WhiteElo "1685"]
[BlackElo "1808"]
[PlyCount "41"]
[EventDate "2016.09.02"]
[EventType "swiss"]
[EventRounds "5"]
[EventCountry "GER"]
[SourceTitle "EXT 2018"]
[Source "ChessBase"]
[SourceDate "2017.10.13"]
[SourceVersion "1"]
[SourceVersionDate "2017.10.13"]
[SourceQuality "1"]

1. d4 d5 2. Nf3 c6 3. Bf4 Bf5 4. e3 e6 5. Bd3 Bg6 6. Ne5 Nd7 7. c4 Nxe5 8. Bxe5 Nf6 9. 0-0 Be7 10. Nc3 0-0 11. Re1 a6 12. a3 dxc4 13. Bxc4 b5 14. Bd3 c5 15. Bxg6 hxg6 16. dxc5 Bxc5 17. b4 Be7 18. Qf3 Nd7 19. Bg3 Qb6 20. Red1 Nf6 21. Rd4 1/2-1/2

[Event "Regionalliga NW 0405"]
[Site "Bayern"]
[Date "2005.02.13"]
[Round "7.4"]
[White "Oster, Klaus"]
[Black "Janda, Pavel"]
[Result "0-1"]
[WhiteElo "1695"]
[BlackElo "2053"]
[PlyCount "60"]
[EventDate "2004.10.24"]
[EventType "team-tourn"]
[EventRounds "9"]
[EventCountry "GER"]
[SourceTitle "EXT 2007"]
[Source "ChessBase"]
[SourceDate "2006.11.23"]
[SourceVersion "1"]
[SourceVersionDate "2006.11.23"]
[SourceQuality "1"]
[WhiteTeam "Sailauf"]
[BlackTeam "Kulmbach"]
[WhiteTeamCountry "GER"]
[BlackTeamCountry "GER"]

1. d4 Nf6 2. Nf3 e6 3. c4 d5 4. Bg5 Be7 5. Nc3 h6 6. Bh4 0-0 7. e3 b6 8. Bd3 c5 9. cxd5 Nxd5 10. Bxe7 Qxe7 11. 0-0 Nxc3 12. bxc3 Bb7 13. Ne5 Nc6 14. f4 Rfd8 15. Qh5 Rac8 16. Ng4 f5 17. Ne5 Nxe5 18. fxe5 cxd4 19. cxd4 Rc3 20. Qe2 Qg5 21. g3 Rdc8 22. e4 fxe4 23. Qf2 exd3 24. Qf7+ Kh8 25. Qxb7 Qe3+ 26. Kg2 Qxd4 27. Qf7 Qxe5 28. Rae1 Rc2+ 29. Kh3 Re2 30. Rd1 Rcc2 0-1

[Event "Landesliga Nord 0304"]
[Site "Bayern"]
[Date "2004.01.18"]
[Round "5.7"]
[White "Kress, Manfred"]
[Black "Oster, Klaus"]
[Result "0-1"]
[WhiteElo "2017"]
[BlackElo "1695"]
[PlyCount "120"]
[EventDate "2003.10.??"]
[EventType "team"]
[EventRounds "9"]
[EventCountry "GER"]
[SourceTitle "EXT 2006"]
[Source "ChessBase"]
[SourceDate "2005.11.24"]
[SourceVersion "1"]
[SourceVersionDate "2005.11.24"]
[SourceQuality "1"]
[WhiteTeam "Dettingen"]
[BlackTeam "Sailauf"]
[WhiteTeamCountry "GER"]
[BlackTeamCountry "GER"]

1. e4 c6 2. d4 d5 3. Nc3 dxe4 4. Nxe4 Bf5 5. Ng3 Bg6 6. Nf3 e6 7. Bd3 Nf6 8. Bg5 Nbd7 9. 0-0 Bd6 10. Re1 Qc7 11. Nf5 Bxf5 12. Bxf5 0-0-0 13. Bd3 h6 14. Bh4 g5 15. Bg3 Nh5 16. Bxd6 Qxd6 17. Ne5 Nf4 18. Nxf7 Qxd4 19. Nxh8 Rxh8 20. b3 Qf6 21. Bc4 Rf8 22. Qd2 Ne5 23. Rad1 Nh3+ 24. Kh1 Nxf2+ 25. Kg1 Nxd1 26. Rxd1 Nxc4 27. bxc4 Rd8 28. Qe2 Rxd1+ 29. Qxd1 Qf4 30. Qd3 e5 31. g3 Qd4+ 32. Kg2 Qxd3 33. cxd3 b5 34. Kf3 Kd7 35. Ke4 Ke6 36. cxb5 cxb5 37. d4 exd4 38. Kxd4 Kd6 39. h4 a5 40. hxg5 hxg5 41. g4 b4 42. Kc4 Kc6 43. Kd4 Kb5 44. Ke5 a4 45. Kf5 b3 46. axb3 axb3 47. Kxg5 b2 48. Kh6 b1Q 49. g5 Qh1+ 50. Kg7 Qb7+ 51. Kh6 Qc6+ 52. g6 Qf6 53. Kh7 Qh4+ 54. Kg8 Kc6 55. g7 Kd7 56. Kf7 Qe7+ 57. Kg6 Qe4+ 58. Kh6 Qg4 59. Kh7 Qh5+ 60. Kg8 Ke6 0-1

[Event "Landesliga Nord 0304"]
[Site "Bayern"]
[Date "2003.12.14"]
[Round "4.7"]
[White "Oster, Klaus"]
[Black "Mueller, Christian2222"]
[Result "0-1"]
[WhiteElo "1695"]
[BlackElo "1976"]
[PlyCount "80"]
[EventDate "2003.10.??"]
[EventType "team"]
[EventRounds "9"]
[EventCountry "GER"]
[SourceTitle "EXT 2006"]
[Source "ChessBase"]
[SourceDate "2005.11.24"]
[SourceVersion "1"]
[SourceVersionDate "2005.11.24"]
[SourceQuality "1"]
[WhiteTeam "Sailauf"]
[BlackTeam "Neutraubling"]
[WhiteTeamCountry "GER"]
[BlackTeamCountry "GER"]

1. d4 Nf6 2. Bg5 Ne4 3. Bh4 g5 4. f3 gxh4 5. fxe4 c5 6. c3 Qb6 7. Qb3 Qg6 8. Nd2 cxd4 9. cxd4 Nc6 10. Ngf3 Bg7 11. e3 Qh6 12. Be2 0-0 13. Nc4 b6 14. 0-0 h3 15. Rf2 d6 16. Qb5 Bd7 17. Qd5 Nb4 18. Qg5 Qxg5 19. Nxg5 Bh6 20. gxh3 f6 21. a3 Bxg5 22. axb4 b5 23. h4 Bh6 24. Rg2+ Kh8 25. Na3 Bxe3+ 26. Kf1 Bh3 27. Nc2 Bh6 28. Kf2 Bxg2 29. Kxg2 Rfc8 30. Ne1 Rc1 31. Rxc1 Bxc1 32. Bxb5 Bxb2 33. Nc2 Rc8 34. Ne3 Bxd4 35. Nf5 Rc2+ 36. Kf3 Bc3 37. Nxe7 Bxb4 38. Nd5 Bc3 39. Bd3 Rc1 40. Kf4 Be5+ 0-1

[Event "Unterfranken-ch HT 54th"]
[Site "Moembris"]
[Date "2003.04.25"]
[Round "8"]
[White "Heerlein, Gerd"]
[Black "Oster, Klaus"]
[Result "0-1"]
[WhiteElo "1685"]
[BlackElo "1659"]
[PlyCount "32"]
[EventDate "2003.04.21"]
[EventType "swiss"]
[EventRounds "9"]
[EventCountry "GER"]
[SourceTitle "EXT 2015"]
[Source "ChessBase"]
[SourceDate "2014.11.20"]
[SourceVersion "1"]
[SourceVersionDate "2014.11.20"]
[SourceQuality "1"]

1. Nf3 d5 2. g3 f5 3. Bg2 Nf6 4. 0-0 e6 5. d4 Bd6 6. c4 c6 7. b3 0-0 8. Bb2 Nbd7 9. a3 Ne4 10. Ne5 Nxe5 11. dxe5 Bc5 12. b4 Qb6 13. Qc2 Bxf2+ 14. Kh1 Qe3 15. Nc3 Nxg3+ 16. hxg3 Qh6+ 0-1

[Event "Unterfranken-ch HT 54th"]
[Site "Moembris"]
[Date "2003.04.22"]
[Round "3"]
[White "Oster, Klaus"]
[Black "Teixeira, Paulo Gustavo GA"]
[Result "1/2-1/2"]
[WhiteElo "1659"]
[BlackElo "1546"]
[PlyCount "42"]
[EventDate "2003.04.21"]
[EventType "swiss"]
[EventRounds "9"]
[EventCountry "GER"]
[SourceTitle "EXT 2015"]
[Source "ChessBase"]
[SourceDate "2014.11.20"]
[SourceVersion "1"]
[SourceVersionDate "2014.11.20"]
[SourceQuality "1"]

1. e4 d6 2. d4 Nf6 3. Bd3 e5 4. d5 Be7 5. Ne2 Bg4 6. f3 Bh5 7. c4 Nbd7 8. Be3 0-0 9. Nbc3 a6 10. 0-0 Ne8 11. Ng3 Bg6 12. f4 exf4 13. Bxf4 Bf6 14. Be3 Be5 15. Nf5 Bxc3 16. bxc3 Ne5 17. Bd4 Nf6 18. Rb1 b6 19. h3 Nfd7 20. Be2 Rb8 21. Be3 Qe8 1/2-1/2